000 00457cam a2200157 a 4500
020 _a0471133736 (pbk. : alk. paper)
040 _cDLC
082 _a573 BIO 1996
100 1 _aStrachan, T.
245 1 0 _aHuman molecular genetics /
260 _aOxford :
_bBIOS Scientific Publishers ;
_aNew York :
_bWiley-Liss,
_c1996.
300 _axiv, 597 p. :
_bill. (some col.) ;
_c28 cm.
650 0 _aMolecular genetics.
700 1 _aRead, Andrew P.,
942 _cEK
999 _c11294
_d11294